02092cam a2200361 a 4500001001000000003000900010005001700019008004100036020001500077040003000092082002000122100004400142245003500186260015800221300005200379336002700431337003300458338002800491490006200519490002800581504004000609505058400649650004501233650004101278650003801319650003401357651003601391710005801427830009701485942001401582952011901596999001501715000006912DO-SdBNP20250307091723.0880412s1986 sp ab b f000 0 spa d a8450550521 aDO-SdBNPbspacBNPHUerda a936.6bE82a2221 aCastaño, A. Ana, eautor4aut.98499410aEstudio de arte paleolítico. aMadrid, España :bMinisterio de Cultura. Dirección General de Bellas Artes y Archivos, Subdirección General de Arqueología y Etnografía,c1986. a270 páginas :bilustraciones, mapas ;c31 cm. atextobtxt2rdacontent asin mediaciónbn2rdamedia avolumenbnc2rdacarrier1 aColección Centro de Investigación y Museo de Altamira1 aSerie Monografíasv15 aBibliografía : páginas 264-265.0 aAspectos ecológicos del arte parietal paleolítico en Cantabria / Ana Castano -- El caballo en el arte rupestre paleolítico / G. Romero -- El modelado interior de los grabados rupestres paleolíticos del Norte de la Península / R. Alonsio Silio -- Prospecciones arqueológicas de la cueva de las Brujas (Suances-Cantabria) / R. González Sainz, E. Muñoz Fernández, C. San Miguel Llamosas -- Los grabados y pinturas de las cuevas de los Emboscados y el Patatal (Matienzo-Cantabria) / Rodrigo de Balbín Behrman, Manuel R. González Morales, Cesar González Sainz. 4aPeríodo paleolíticozEspaña919161 4aArte prehistóricozEspaña919162 4aPintura rupestrezEspaña919163 4aPetróglifozEspaña919164 4aEspañaxAntigüedades9191651 aRepública Dominicana.bMinisterio de Cultura971794 0aColección Centro de Investigación y Museo de Altamira,pSerie Monografías ;v15919168 2ddccLBS1 001054708MOaGRbGRcCTd2009-09-03iLF1l0o936.6 E82ap6912-10r2020-06-25w2020-06-25y4ZPréstamo en sala c6697d6697